|
|
|
|
| LEADER |
01046nam a2200265 a 4500 |
| 001 |
4986800 |
| 008 |
091108s1997 fr a b 000 0 eng d |
| 010 |
|
|
|a 98143792
|
| 020 |
|
|
|8 12041263X
|
| 020 |
|
|
|a 9264155147
|
| 040 |
|
|
|a DLC
|c DLC
|d DLC
|
| 082 |
0 |
0 |
|a 363.7
|2 21
|
| 245 |
0 |
0 |
|a Economic globalisation and the environment
|
| 260 |
|
|
|a Paris :
|b OECD Publications ;
|a Washington, D.C. :
|b OECD Washington Center [distributor],
|c c1997.
|
| 300 |
|
|
|a 88 p. :
|b col. ill. ;
|c 23 cm.
|
| 504 |
|
|
|a Includes bibliographical references (p. 81-88).
|
| 541 |
1 |
|
|e 00013663
|
| 650 |
|
0 |
|a Environmental policy.
|
| 650 |
|
0 |
|a Environmental economics
|x International cooperation.
|
| 650 |
|
0 |
|a Pollution
|x Economic aspects.
|
| 650 |
|
0 |
|a Sustainable development.
|
| 710 |
2 |
|
|a Organisation for Economic Co-operation and Development.
|
| 852 |
4 |
|
|a Ayesha Abed Library
|j General Shelf
|
| 999 |
|
|
|c 5689
|d 5689
|
| 952 |
|
|
|0 0
|1 0
|2 ddc
|4 0
|6 363_700000000000000_ECO
|7 0
|9 5612
|a BRACUL
|b BRACUL
|c GEN
|d 2009-11-21
|g 261.00
|l 0
|o 363.7 ECO
|p 3010013663
|r 2009-11-21
|t 1
|w 2009-11-21
|y BK
|